<?xml version="1.0" encoding="UTF-8"?>
<record
    xmlns:xsi="http://www.w3.org/2001/XMLSchema-instance"
    xsi:schemaLocation="http://www.loc.gov/MARC21/slim http://www.loc.gov/standards/marcxml/schema/MARC21slim.xsd"
    xmlns="http://www.loc.gov/MARC21/slim">

  <leader>02110njm a2200373Ia 4500</leader>
  <controlfield tag="001">20354</controlfield>
  <controlfield tag="003">IT-RoPAU</controlfield>
  <controlfield tag="005">20220918181155.0</controlfield>
  <controlfield tag="008">131025s9999    xx            000 0 und d</controlfield>
  <datafield tag="040" ind1=" " ind2=" ">
    <subfield code="a">IT-RoPAU</subfield>
  </datafield>
  <datafield tag="040" ind1=" " ind2=" ">
    <subfield code="c">IT-RoPAU</subfield>
  </datafield>
  <datafield tag="041" ind1=" " ind2=" ">
    <subfield code="a">ITALIANO</subfield>
  </datafield>
  <datafield tag="999" ind1=" " ind2=" ">
    <subfield code="c">102473</subfield>
    <subfield code="d">102473</subfield>
  </datafield>
  <datafield tag="999" ind1=" " ind2=" ">
    <subfield code="b">n.d.</subfield>
  </datafield>
  <datafield tag="100" ind1=" " ind2=" ">
    <subfield code="a">Bonfitto Michele</subfield>
    <subfield code="9">1419</subfield>
  </datafield>
  <datafield tag="100" ind1=" " ind2=" ">
    <subfield code="e">Autore musica</subfield>
    <subfield code="9">1420</subfield>
  </datafield>
  <datafield tag="100" ind1=" " ind2=" ">
    <subfield code="g">Codice autore musica SPICS: 10767</subfield>
    <subfield code="9">1421</subfield>
  </datafield>
  <datafield tag="245" ind1=" " ind2=" ">
    <subfield code="a">L'amore che &#xE8; in voi-Lp Hit 30.241</subfield>
  </datafield>
  <datafield tag="250" ind1=" " ind2=" ">
    <subfield code="a">1a ed.</subfield>
  </datafield>
  <datafield tag="260" ind1=" " ind2=" ">
    <subfield code="a">ITALIA</subfield>
  </datafield>
  <datafield tag="260" ind1=" " ind2=" ">
    <subfield code="b">HIT RECORDS</subfield>
  </datafield>
  <datafield tag="300" ind1=" " ind2=" ">
    <subfield code="a">DISCO</subfield>
  </datafield>
  <datafield tag="300" ind1=" " ind2=" ">
    <subfield code="c">31 minuti (Testo:  pag.)</subfield>
  </datafield>
  <datafield tag="500" ind1=" " ind2=" ">
    <subfield code="a">Amore cristiano. Canto e liturgia. Messaggio cristiano. Canti religiosi per giovani. Canti per assemblee liturgiche. Canti per celebrazioni eucaristiche. Canti per solo coro e assemblea con l'accompagnamento di organo o complesso ritmico. Musica religiosa. E&#x2019; disponibile anche lo spartito con la musica e i testi di tutte le canzoni. Codice Spics dello spartito 21323.</subfield>
  </datafield>
  <datafield tag="505" ind1=" " ind2=" ">
    <subfield code="a">E' festa d'amore (1:57) - Abramo amico mio (2:45) - Signore tu mi scruti (2:30) - Benedite con me (2:23) - Due cuori (1:46) - Pane di vita (1:46) - L'amore che &#xE8; in voi (3:27) - Santo (2:58) - Mistero della fede (1:12) - Padre nostro (1:28) - Rendete grazie (2:10) - O Sommo Amore (2:47) - Il Signore &#xE8; re (2:36) </subfield>
  </datafield>
  <datafield tag="511" ind1=" " ind2=" ">
    <subfield code="a">Coro: Nuovo Messaggio</subfield>
  </datafield>
  <datafield tag="511" ind1=" " ind2=" ">
    <subfield code="a">Cantante: Sabina Carla</subfield>
  </datafield>
  <datafield tag="650" ind1=" " ind2=" ">
    <subfield code="a">RELIGIOSO [DISCHI]</subfield>
    <subfield code="e">Codice MATERIA SPICS: 9950</subfield>
    <subfield code="9">791</subfield>
  </datafield>
  <datafield tag="700" ind1=" " ind2=" ">
    <subfield code="a">Bonfitto Michele</subfield>
    <subfield code="e">Autore testo e musica</subfield>
    <subfield code="g">Codice autore testo/musica SPICS: 10767</subfield>
    <subfield code="9">1422</subfield>
  </datafield>
  <datafield tag="700" ind1=" " ind2=" ">
    <subfield code="a">Tolomei Antonio</subfield>
    <subfield code="g">Codice autore testo/musica SPICS: 18036</subfield>
    <subfield code="9">1423</subfield>
    <subfield code="e">Autore testo/musica</subfield>
    <subfield code="p">E' festa d'amore - Due cuori - L'amore che &#xE8; in voi - O sommo amore</subfield>
  </datafield>
  <datafield tag="700" ind1=" " ind2=" ">
    <subfield code="a">Pesenti</subfield>
    <subfield code="g">Codice autore testo/musica SPICS: 24637</subfield>
    <subfield code="e">Autore testo/music</subfield>
    <subfield code="p">Abramo amico mio - Signore tu mi scruti - Il Signore &#xE8; il re</subfield>
    <subfield code="9">1424</subfield>
  </datafield>
  <datafield tag="700" ind1=" " ind2=" ">
    <subfield code="a">Tornado F.</subfield>
    <subfield code="g">Codice autore SPICS: 13168</subfield>
    <subfield code="e">Autore</subfield>
    <subfield code="p">E' festa d'amore - Due cuori - O sommo amore</subfield>
    <subfield code="9">1425</subfield>
  </datafield>
  <datafield tag="700" ind1=" " ind2=" ">
    <subfield code="a">Franck Cesar</subfield>
    <subfield code="g">Codice autore SPICS: 11500</subfield>
    <subfield code="e">Autore</subfield>
    <subfield code="p">Pane di vita</subfield>
    <subfield code="9">1426</subfield>
  </datafield>
  <datafield tag="942" ind1=" " ind2=" ">
    <subfield code="c">MD</subfield>
    <subfield code="2">ddc</subfield>
  </datafield>
  <datafield tag="952" ind1=" " ind2=" ">
    <subfield code="0">0</subfield>
    <subfield code="1">0</subfield>
    <subfield code="4">0</subfield>
    <subfield code="6">20354_000000000000000</subfield>
    <subfield code="7">1</subfield>
    <subfield code="a">SPICS</subfield>
    <subfield code="b">SPICS</subfield>
    <subfield code="d">2013-10-25</subfield>
    <subfield code="l">0</subfield>
    <subfield code="o">20354</subfield>
    <subfield code="r">2013-10-25 00:00:00</subfield>
    <subfield code="w">2013-10-25</subfield>
    <subfield code="y">MD</subfield>
    <subfield code="z">Progr. Ins.: 3665 / N.Vol.: 1 / Copie: 1 - Copia rara: n.d. / date import: 01.01.2014 - By Epidotti, Trombetti, Vaglietti</subfield>
  </datafield>
</record>
